| 000 | 00661cam a22002413a 4500 | ||
|---|---|---|---|
| 001 | 17567 | ||
| 003 | PGUSA | ||
| 005 | 20140828083356.0 | ||
| 008 | 060121s2006||||xxu|||||s|||||000 | eng d | ||
| 040 |
_aPGUSA _beng |
||
| 042 | _adc | ||
| 050 | 4 | _aQL | |
| 100 | 1 |
_aSt. Mars, F., _d1883-1921 |
|
| 245 | 1 | 4 |
_aThe Way of the Wild _h[electronic resource] / _cF. St. Mars |
| 260 |
_bProject Gutenberg, _c2006 |
||
| 506 | _aPublic domain in the USA. | ||
| 516 | _aElectronic text | ||
| 653 | _aAnimals -- Anecdotes | ||
| 700 | 1 |
_aRountree, Harry, _d1878- |
|
| 830 | 0 |
_aProject Gutenberg _v17567 |
|
| 856 | 4 | 0 | _uhttp://www.gutenberg.org/ebooks/17567 |
| 942 | _cEB | ||
| 999 |
_c246822 _d246822 |
||